00531 2200205 4500001002100000005001500021035002000036007000300056008004100059020002200100082001200122084001800134100002100152245004500173250001000218260003800228300002800266650001700294990001400311INLIS00000000000773920260427101743 a0010-0426000050ta260427 | | ind  a978-979-002-488-5 a636.514 a636.514 RAS b1 aRasyaf, Muhammad1 aBeternak Ayam Kampung /cMuhammad Rasyaf aCet.1 aJakarta :bPenebar Swadaya,c2011 a268 hlm :bilus ;c23cm 4aAyam Petelur a3925/2023